000 01710cam a22005174i 4500
003 PE-LiUPU
005 20250731165642.0
008 150616s r 000 0 d
020 _a0882078135
035 _a(Sirsi) i9780882078137
040 _aPE-LiUPU
_bspa
_cPE-LiUPU
_erda
049 _aPRUA
082 0 4 _a220.7
_bW19
_221
100 1 _aWalvoord, John F.,
_eautor.
245 1 4 _aThe Bible Knowledge Commentary.I /
_cJohn F. Walvoord.
264 1 _aUSA :
_bVictor Books,
_c1984.
300 _a1589 páginas ;
_c24 centímetros
336 _atext
_2rdacontent
337 _aunmediated
_2rdamedia
338 _avolume
_2rdacarrier
504 _aIncluye Bibliografía.
505 0 _aComentarios sobre toda la biblia.
526 _aSEG44
526 _aSEG26
526 _aP151
526 _aP150
526 _aP149
526 _aP146
526 _aP145
526 _aP126
526 _aP125
526 _aP92
526 _aP75
526 _aP74
526 _aP27
526 _aP15
630 _aBiblia
_xComentarios.
_91696
650 0 4 _a
910 _ajck
_bjvq
_cjck
942 _2ddc
_cBOOK
949 _aRC 220.7 W19 I
_wDEWEY
_c1
_i40630
_d2015-11-13
_lCCODEBUL1
_mBUL
_q1
_r0
_sY
_tBOOK
_u2015-6-16
_xTEOLOGIA
_zUNKNOWN
_0COMPRA
_o.CIRCNOTE. No olvidar cambiar la fecha de devolución!!!!!!!
_o.STAFF. Colección General
994 _aC0
_bPEPRU
596 _a1
999 _aRC 220.7 W19 I
_wDEWEY
_c58419
_i40630
_d58419
_f2021-11-8
_g6
_lCCODEBUL1
_mBUL
_q10
_r1
_sY
_tBOOK
_u2015-6-16
_xTEOLOGIA
_zUNKNOWN
_0COMPRA
_o.CIRCNOTE. No olvidar cambiar la fecha de devolución!!!!!!!
_o.STAFF. Colección General
980 _81
_gALBERTO SANCHEZ Responsable de Automatización